000 00363nam a2200121Ia 4500
008 190722s9999 xx 000 0 und d
020 _a978-93-5014-417-6
100 _aK.B. Raina / S.K. Bhattacharya/ T. Joneja
245 0 _aElectrical Engineering Materials And Electronic Components
260 _aNew Delhi
_bS.K. Kataria & Sons
_c2014
300 _a240
942 _cBK
999 _c108
_d108